Ingeniería eléctrica en el marco del desarrollo sostenible: tendencias y aplicaciones
Na minha lista:
| Autor principal: | |
|---|---|
| Formato: | Livro |
| Publicado em: |
[San José, Costa Rica]
2009
|
| Assuntos: | |
| Tags: |
Adicionar Tag
Sem tags, seja o primeiro a adicionar uma tag!
|
MARC
| LEADER | 00000nam a2200000Ia 4500 | ||
|---|---|---|---|
| 003 | 010440 | ||
| 005 | 20221231144045.0 | ||
| 008 | 140114s2009 cr a 000 ||s d | ||
| 040 | |c cru CEDI | ||
| 090 | |a TFG 5967 | ||
| 100 | |a Segnini Frech, Franco |9 3563 | ||
| 245 | |a Ingeniería eléctrica en el marco del desarrollo sostenible: tendencias y aplicaciones | ||
| 260 | |c 2009 |b [San José, Costa Rica] | ||
| 300 | |a xii, 111 hojas; ilustraciones a color | ||
| 500 | |a "IE - 0502 Proyecto Eléctrico"Proyecto de graduación (bachillerato en ingeniería eléctrica)--Universidad de Costa Rica. Facultad de Ingeniería. Escuela de Ingeniería Eléctrica | ||
| 650 | |x INGENIERÍA ELÉCTRICA |x DESARROLLO SOSTENIBLE |x DISTRIBUCION DE ENERGIA ELECTRICA |x ENERGIA ELECTRICA |x RECURSOS ENERGETICOS RENOVABLES |9 3154 | ||
| 942 | |c TFG | ||
| 999 | |c 16261 |d 16261 | ||
